Gallery of the infinite

Αποθηκεύτηκε σε:
Λεπτομέρειες βιβλιογραφικής εγγραφής
Κύριος συγγραφέας: Schwartz, Richard Evan
Μορφή: Βιβλίο
Γλώσσα:English
Δημοσίευση: Providence, R.I. : American Mathematical Society, c2016.
Θέματα:
Ετικέτες: Προσθήκη ετικέτας
Δεν υπάρχουν, Καταχωρήστε ετικέτα πρώτοι!

MARC

LEADER 00000cam a2200000 a 4500
001 1/117155
008 180912t2016####us | ||| |||| ||eng||
020 |a 9781470425579 
040 |a GR-MyUa  |b gre  |c GR-MyUa  |e AACR2 
041 0 |a eng 
082 7 |a 513  |2 (23) 
100 1 |a Schwartz, Richard Evan. 
245 1 0 |a Gallery of the infinite /   |c Richard Evan Schwartz.  
260 |a Providence, R.I. :   |b American Mathematical Society,   |c c2016.  
300 |a [188] σ. :   |b έγχρ. εικ. ;   |c 26 εκ.  
650 0 |a Number concept   |x Juvenile literature. 
650 0 |a Arithmetic  |v Juvenile literature. 
650 0 |a Infinite  |v Juvenile literature. 
650 0 |a Games in mathematics education  |v Juvenile literature. 
650 0 |a General -- General and miscellaneous specific topics -- Philosophy of mathematics. 
852 |a INST  |b SAMOS  |e 20180912  |h 513 SCH  |p 005300045562  |q 005300045562  |t BK  |y 0 
922 |a 3ΕΛΗ  |b 2017-12  |c Μεταπτυχιακό/Τμήμα Μαθηματικών  |d Βοοκ Path.  
970 |a Φιλιππή  |b Φάλη  |z 12-09-2018